Постановление ГКО СССР № 5449 с о перебазировании Военной академии командно-штурманского состава ВВС Красной армии, с приложение...

RUSMARC
00004866cbm0a2200301#x 450
00151cf3768-f06d-4981-86aa-8f7398f9cca7
00520250925135346.0
100##$a20250925j19440322k###0rusy50 ca
1010#$arus
102##$aRU
105##$ay###z########
1220#$ad19440322##
2001#$aПостановление ГКО СССР № 5449 с о перебазировании Военной академии командно-штурманского состава ВВС Красной армии, с приложением докладной записки Новикова А. А., Никитина А. В., Шиманова Н. С. Сталину И. В.
$j22 марта 1944 г.
251##$cДокумент
300##$aРассылочный и подлинный экземпляры
461#0$12001
$aФ. 644
$1251
$cФонд
$1852
$j644
462#0$12001
$aОп. 1
$1251
$cОпись
$1852
$j1
60101$2nlr_sh
$3RU\NLR\AUTH\6601614128
$aСССР
$bГосударственный Комитет Обороны
$xИстория
$z1941 - 1945
$jДокументы и материалы
60101$2nlr_sh
$3RU\NLR\AUTH\6601684539
$aВоенно-воздушная академия им. Ю.А. Гагарина
$cМонино, поселок; Московская область
$xИстория
$jДокументы и материалы
605##$2prlib_sh
$3LIBNET\UAF\0000088514
$aВторая мировая война в архивных документах (Комплекс оцифрованных архивных документов, кино- и фотоматериалов)
$lколлекция
605##$2acquisition_Prlib
$3DITM\AF\0000002775
$aВласть
$lколлекция
6061#$2nlr_sh
$3RU\NLR\AUTH\661280795
$aВеликая Отечественная война
$z1941 - 1945
$xТыл(воен.)
$jДокументы и материалы
686##$a63.3(2)622ю1
$vLBC/M
$2rubbk
801#0$aRU
$bПБ им. Б.Н. Ельцина
$c20250925
801#1$aRU
$bПБ им. Б.Н. Ельцина
$c20250925
$2rusmarc
801#2$aRU
$bПБ им. Б.Н. Ельцина
$c20250925
$2rusmarc
850##$aРоссийский государственный архив социально-политической истории
852##$aРГАСПИ
$jД. 220. Л. 25-26об.; Оп. 2. Д. 297. Л. 44-47
035##$aLIBNET\0001500508
937##$d197732128
$hФедеральное архивное агентство
8564#$uhttp://readingroom.main.prlib.ru/item.aspx?id_node=n197732128&mode=full
Формат отображения